[Event "DVM U20w 2003"]
[Site "Ditzingen GER"]
[Date "2003.12.27"]
[Round "1"]
[White "Stoehr, Friederike"]
[Black "Spangenberg, Pia"]
[Result "0-1"]
[Termination "normal"]
[Board "6.3"]
[WhiteElo "1539"]
[BlackElo "1014"]
[WhiteTeam "Hamburger SK von 1830"]
[BlackTeam "SC Leipzig-Lindenau"]
[PlyCount "120"]
[BlackFideId "4627989"]
[EventCountry "GER"]
[EventRounds "7"]
[EventType "team-swiss"]
[EventDate "2003.12.26"]

1. Nf3 d5 2. g3 Nf6 3. Bg2 Nc6 4. d3 e5 5. O-O Be6 6. Nbd2 Be7 7. Ng5 Qd7 8.
Nxe6 Qxe6 9. e4 O-O 10. exd5 Nxd5 11. Ne4 Rad8 12. Qe2 Nd4 13. Qd1 f6 14. Be3
Nxe3 15. fxe3 Nf5 16. Bh3 g6 17. Qf3 Qb6 18. Bxf5 gxf5 19. Qxf5 Qxe3+ 20. Kg2
Qh6 21. Rf2 Qg6 22. Qe6+ Qf7 23. Qg4+ Qg6 24. Qe6+ Qf7 25. Qg4+ Qg6 26. Qh3 f5
27. Nc3 Bc5 28. Re2 Qc6+ 29. Ne4 fxe4 30. Qg4+ Qg6 31. Qxe4 Qxe4+ 32. dxe4 Rf7
33. Rf1 Rxf1 34. Kxf1 Rf8+ 35. Kg2 Kf7 36. h4 Kg6 37. g4 h5 38. g5 Rf4 39. Kg3
Rg4+ 40. Kh3 Kf7 41. c3 Ke6 42. b3 b5 43. Rg2 Rxg2 44. Kxg2 Kf7 45. Kf3 Ba3 46.
Ke2 Kg6 47. Kf3 Bb2 48. c4 bxc4 49. bxc4 Ba3 50. Ke2 Be7 51. Kf3 Bxg5 52. hxg5
Kxg5 53. Kg3 h4+ 54. Kh3 c5 55. a3 Kf4 56. Kxh4 Kxe4 57. Kg4 Ke3 58. Kg3 e4 59.
a4 Ke2 60. Kg2 Kd2 0-1

[Event "DVM U20w 2003"]
[Site "Ditzingen GER"]
[Date "2003.12.27"]
[Round "1"]
[White "Bähr, Madeleine"]
[Black "Goedeke Tort, Maheba"]
[Result "0-1"]
[Termination "normal"]
[Board "6.4"]
[WhiteElo "524"]
[BlackElo "1461"]
[WhiteTeam "SC Leipzig-Lindenau"]
[BlackTeam "Hamburger SK von 1830"]
[PlyCount "52"]
[EventCountry "GER"]
[EventRounds "7"]
[EventType "team-swiss"]
[EventDate "2003.12.26"]

1. e4 e5 2. Bc4 Bc5 3. Qh5 Qf6 4. Nf3 Nc6 5. O-O h6 6. Nc3 g6 7. Qh3 d6 8. Nd5
Bxh3 9. Nxf6+ Nxf6 10. gxh3 Nxe4 11. d3 Nf6 12. Be3 Bxe3 13. fxe3 Rh7 14. d4
Nd7 15. Rf2 O-O-O 16. dxe5 Ncxe5 17. Nxe5 Nxe5 18. Bb5 Rg8 19. c4 g5 20. c5 g4
21. cxd6 gxh3+ 22. Kh1 Rhg7 23. Raf1 Rg2 24. Ba4 Ng4 25. d7+ Kd8 26. Rg1 Rxh2+
0-1